| 000 | 007870000a22002650004500 | ||
|---|---|---|---|
| 001 | 11266 | ||
| 003 | CO-MdFUSB | ||
| 005 | 20160608080602.0 | ||
| 008 | 160608b xxu||||| |||| 00| 0 eng d | ||
| 040 |
_cCO-MdFUSB _dCO-MdFUSB |
||
| 041 | 0 | _aeng | |
| 082 | 0 | 4 |
_aG 920 _220 _bD1861m |
| 100 | 1 | _aDaniels, W. H. | |
| 245 | 0 | 0 |
_aD. L. Moody and his work _c / W. H. Daniels |
| 264 | 4 |
_aHartford _b : American Publishing Company, _c1877 |
|
| 300 | _a460 Pág. | ||
| 336 |
_2rdacontent _a1 _ba1 |
||
| 337 |
_2rdamedia _a2 _b5 |
||
| 338 |
_2rdacarrier _a2 _b5 |
||
| 490 | _aEuropeanlibraries | ||
| 653 | _aMoody, Dwight Lyman, 1837-1899 | ||
| 653 | _aEvangelistas -- Estados Unidos | ||
| 856 |
_dhttps://archive.org/details/dlmoodyandhiswo02danigoog _zVersión electrónica |
||
| 942 | _cBK | ||
| 999 |
_c40617 _d40617 |
||